Operation and control of ion-exchange processes for treatment of radioactive wastes

Kaydedildi:
Detaylı Bibliyografya
Müşterek Yazar: Organismo Internacional de Energía Atómica (Viena)
Materyal Türü: Kitap
Dil:English
Baskı/Yayın Bilgisi: Vienna : IAEA, 1967.
Seri Bilgileri:Technical reports series
Konular:
Etiketler: Etiketle
Etiket eklenmemiş, İlk siz ekleyin!

MARC

LEADER 00000nam a2200000Ia 4500
003 001995
005 20221231143944.0
008 140114s1967 au a 000 ||eng d
040 |c cru CEDI 
082 |a  621.483.8 O68o 
110 |9 21092  |a Organismo Internacional de Energía Atómica (Viena)  
245 |a Operation and control of ion-exchange processes for treatment of radioactive wastes 
260 |a  Vienna : IAEA,   |c 1967. 
300 |a  147 páginas : ilustraciones 
440 |a  Technical reports series  |n No.78  |9 21093 
650 |x DISPOSICION DE RESIDUOS RADIACTIVOS  |9 18954 
942 |2 ddc  |c BK 
999 |c 14764  |d 14764